| 000 | 01089nam a2200301Ia 4500 | ||
|---|---|---|---|
| 001 | u24757 | ||
| 003 | SIRSI | ||
| 005 | 20180219123847.0 | ||
| 007 | he|amb|||bacu | ||
| 008 | 000812s1992 ua a bb 000 0 eng d | ||
| 039 | 9 |
_a200312211016 _bnehal _c200301151221 _dsaid _y200203190952 _zload |
|
| 040 | _aEAL | ||
| 041 |
_aeng _bara |
||
| 090 |
_aThesis _bS-1510 |
||
| 100 | 1 | _aMickael, Magda Kelada. | |
| 245 | 1 | 0 |
_aParathyroid activities during the egg laying cycle of hens _h[microform] / _cby Magda Kelada Mickael. |
| 246 | 1 | 5 | _aنشاط الغدة حارة الدرقية أثناء دورة وضع البيض في الدجاج. |
| 260 | _c1992. | ||
| 300 |
_a143, 4 leaves : _bill. ; _c30 cm. |
||
| 502 | _aThesis (Ph.D.)--Cairo University, 1992. | ||
| 504 | _aIncludes bibliographical references (leaves 116-143). | ||
| 533 |
_aMicrofiche. _bASUNET, _cAin Shams University, _e3 microfiches : negative. |
||
| 546 | _aSummary in Arabic. | ||
| 596 | _a1 | ||
| 650 | 0 |
_aChickens _xEggs. |
|
| 650 | 0 | _aParathyroid hormone. | |
| 942 |
_cMIC _2lcc |
||
| 999 |
_c5244 _d5244 |
||